Deutsche Gemeindenamen mit 8 verschiedenen Endungen A-Z - Statistiken

Allgemein
  • Dieses Quiz wurde 566 mal gespielt
  • Das Durchschnittsergebnis liegt bei 56 aus 181
Antwortstatistiken
Anf. + Endung Mögliche Antworten % Korrekt
A-burg Augsburg, Aschaffenburg, Ahrensburg, Altenburg + 13 weitere
88%
H-burg Hamburg, Homburg, Henstedt-Ulzburg, Hainburg + 11 weitere
78%
O-hausen Oberhausen, Obertshausen, Ochsenhausen + 9 weitere
73%
A-bach Ansbach, Auerbach, Asbach, Allensbach + 19 weitere
71%
I-stadt Ingolstadt, Immenstadt
70%
N-berg Nürnberg, Neubiberg, Nörten-Hardenberg + 7 weitere
70%
S-ingen Solingen, Sindelfingen, Singen, Schwetzingen + 27 weitere
70%
F-burg Freiburg, Flensburg, Frohburg, Friedeburg + 5 weitere
69%
H-heim Hildesheim, Heidenheim, Hofheim, Heppenheim + 33 weitere
69%
W-burg Würzburg, Wolfsburg, Waldkraiburg, Warburg + 18 weitere
69%
M-heim Mannheim, Mülheim, Monheim, Mühlheim + 35 weitere
67%
M-burg Magdeburg, Marburg, Merseburg, Moosburg + 8 weitere
66%
R-burg Regensburg, Ravensburg, Rottenburg + 11 weitere
66%
A-berg Arnsberg, Amberg, Ascheberg, Abensberg + 17 weitere
65%
H-berg Heidelberg, Heinsberg, Herrenberg, Homberg + 28 weitere
65%
B-berg Bamberg, Bad Segeberg, Blomberg, Boxberg + 27 weitere
64%
B-ingen Böblingen, Bietigheim-Bissingen, Balingen, Bingen + 43 weitere
64%
D-stadt Darmstadt, Duderstadt, Dornstadt, Diemelstadt, Dorstadt
64%
O-burg Oldenburg, Offenburg, Oranienburg, Osterburg + 4 weitere
63%
H-au Hanau, Heidenau, Hessisch Lichtenau, Hemau + 10 weitere
61%
L-burg Ludwigsburg, Lüneburg, Limburg, Ladenburg + 13 weitere
60%
O-bach Offenbach, Oberasbach, Oerlenbach, Otterbach + 36 weitere
60%
B-burg Brandenburg, Bad Homburg, Bernburg, Bedburg + 13 weitere
59%
Z-au Zwickau, Zittau, Zwenkau, Zschopau, Zschorlau
59%
D-burg Duisburg, Dillenburg, Dieburg, Dornburg + 7 weitere
58%
C-burg Coburg, Cloppenburg, Cadolzburg
57%
T-ingen Tübingen, Tuttlingen, Trossingen, Treuchtlingen + 5 weitere
57%
E-ingen Esslingen, Ettlingen, Emmendingen, Ehingen + 26 weitere
56%
N-burg Neubrandenburg, Neu-Isenburg, Naumburg + 7 weitere
56%
N-stadt Neustadt, Neuenstadt, Nandlstadt
55%
G-ingen Göttingen, Göppingen, Geislingen, Gerlingen + 33 weitere
54%
R-heim Rüsselsheim, Rosenheim, Reinheim, Raunheim + 13 weitere
54%
R-ingen Reutlingen, Ratingen, Renningen, Rellingen + 18 weitere
54%
B-heim Bergheim, Bornheim, Bensheim, Bad Nauheim + 55 weitere
51%
F-berg Freiberg, Friedberg, Fröndenberg, Freudenberg + 12 weitere
51%
L-au Landau, Lindau, Lübbenau, Langenau, Löbau + 18 weitere
51%
M-bach Mönchengladbach, Mosbach, Marbach + 36 weitere
51%
B-hausen Bad Oeynhausen, Barsinghausen, Burghausen + 22 weitere
50%
D-au Dessau-Roßlau, Dachau, Deizisau, Drebkau + 7 weitere
50%
B-bach Bergisch Gladbach, Butzbach, Bexbach + 55 weitere
49%
P-au Passau, Prenzlau, Pegau, Plau, Panschwitz-Kuckau + 3 weitere
48%
W-heim Weinheim, Wertheim, Weilheim, Welzheim + 32 weitere
48%
M-ingen Memmingen, Meiningen, Metzingen, Mössingen + 31 weitere
47%
N-hausen Nordhausen, Niedernhausen, Neuhausen + 6 weitere
47%
V-ingen Villingen-Schwenningen, Völklingen, Vaihingen + 3 weitere
47%
P-heim Pforzheim, Pulheim, Puchheim, Pohlheim + 7 weitere
46%
R-hausen Recklinghausen, Rödinghausen, Rockenhausen + 20 weitere
46%
G-au Gronau, Gaggenau, Groß-Gerau, Glauchau + 26 weitere
45%
Q-burg Quedlinburg
45%
B-au Bernau, Bad Rappenau, Bad Schwartau, Birkenau + 24 weitere
44%
G-bach Gummersbach, Gernsbach, Gladenbach + 29 weitere
44%
A-stadt Albstadt, Arnstadt, Altenstadt, Altenkunstadt + 2 weitere
43%
D-ingen Ditzingen, Donaueschingen, Dillingen, Denzlingen + 19 weitere
42%
E-bach Ebersbach, Eberbach, Erbach, Essenbach + 15 weitere
42%
F-stadt Filderstadt, Freudenstadt, Freystadt, Florstadt + 2 weitere
42%
S-hausen Sangerhausen, Sondershausen, Sandhausen + 19 weitere
41%
E-stadt Erftstadt, Eisenhüttenstadt, Ebermannstadt + 4 weitere
40%
K-bach Kulmbach, Korbach, Krumbach, Kämpfelbach + 32 weitere
39%
L-berg Leonberg, Landsberg, Lindenberg, Langenberg + 13 weitere
39%
N-ingen Nürtingen, Nördlingen, Nersingen, Neulingen + 13 weitere
39%
S-berg Stolberg, Strausberg, Schmallenberg, Starnberg + 51 weitere
39%
I-heim Ingelheim, Ilvesheim, Ingersheim, Igersheim + 9 weitere
38%
S-burg Siegburg, Sassenburg, Schauenburg, Saarburg + 14 weitere
38%
S-heim Sinsheim, Schopfheim, Sachsenheim, Steinheim + 31 weitere
38%
W-ingen Waiblingen, Westoverledingen, Wendlingen + 27 weitere
38%
H-stadt Halberstadt, Heilbad Heiligenstadt, Höchstadt + 10 weitere
37%
I-au Ilmenau, Issigau
37%
K-heim Kirchheim, Kornwestheim, Kelkheim, Kelheim + 23 weitere
36%
L-ingen Lingen, Leinfelden-Echterdingen, Leichlingen + 13 weitere
36%
W-berg Wittenberg, Wegberg, Wachtberg, Wassenberg + 21 weitere
35%
H-bach Hilchenbach, Hösbach, Hemsbach, Heubach + 40 weitere
34%
N-heim Northeim, Nauheim, Nordheim, Neresheim + 14 weitere
34%
P-berg Pinneberg, Plettenberg, Penzberg, Petersberg + 7 weitere
34%
F-heim Forchheim, Flörsheim, Friesenheim, Freinsheim + 13 weitere
33%
R-au Rodgau, Ratekau, Rheinau, Rehau, Reichenau + 15 weitere
33%
S-bach Schwabach, Schwalbach, Steinbach, Simbach + 40 weitere
33%
C-heim Crailsheim
32%
E-berg Ebersberg, Eisenberg, Elsterberg, Engelsberg + 7 weitere
32%
U-ingen Überlingen, Usingen, Uhingen, Untermeitingen + 6 weitere
32%
A-hausen Allershausen, Aglasterhausen, Albershausen + 15 weitere
31%
L-stadt Lippstadt, Lennestadt, Lustadt, Ludwigsstadt + 2 weitere
31%
R-bach Rheinbach, Reichenbach, Rosbach + 29 weitere
31%
S-au Soltau, Schongau, Schkopau, Steinau, Stolzenau + 19 weitere
31%
H-ingen Hattingen, Hechingen, Hemmingen, Holzgerlingen + 31 weitere
30%
M-berg Markkleeberg, Marsberg, Marienberg + 17 weitere
30%
M-hausen Mühlhausen, Mainhausen, Merzhausen + 11 weitere
30%
O-au Olbernhau, Oberammergau, Oberkotzau, Oberau + 4 weitere
30%
R-berg Rheinberg, Rietberg, Ronnenberg, Radeberg + 29 weitere
30%
B-stadt Bergneustadt, Bürstadt, Bad Neustadt, Bürgstadt + 3 weitere
29%
G-burg Günzburg, Ginsheim-Gustavsburg, Gnarrenburg + 6 weitere
29%
L-bach Lebach, Lauterbach, Leutenbach, Laubach + 16 weitere
29%
G-heim Griesheim, Germersheim, Großostheim, Gersheim + 38 weitere
27%
W-hausen Wildeshausen, Wolfratshausen, Witzenhausen + 25 weitere
27%
F-bach Fellbach, Forbach, Frammersbach + 13 weitere
26%
G-stadt Groß-Umstadt, Grünstadt, Glückstadt, Giebelstadt + 4 weitere
26%
W-stadt Weinstadt, Weiterstadt, Wörrstadt, Wöllstadt + 3 weitere
26%
G-hausen Gelnhausen, Gunzenhausen, Geisenhausen + 16 weitere
25%
K-berg Kronberg, Kemberg, Kirchberg, Klingenberg + 13 weitere
25%
H-hausen Hiddenhausen, Hildburghausen, Hebertshausen + 17 weitere
24%
W-au Werdau, Wernau, Wildau, Wilkau-Haßlau, Weitnau + 13 weitere
24%
M-au Murnau, Monschau, Michelau, Mudau, Mistelgau + 2 weitere
23%
T-au Torgau, Trittau, Todtnau, Thyrnau, Thurnau, Tröstau + 6 weitere
23%
D-bach Dietzenbach, Dermbach, Dettelbach, Drebach + 22 weitere
22%
N-au Nidderau, Nittenau, Neuendettelsau, Neudenau + 8 weitere
22%
O-heim Oftersheim, Oberschleißheim, Oppenheim + 19 weitere
22%
P-ingen Pfullingen, Püttlingen, Plochingen, Polsingen + 2 weitere
22%
V-heim Viernheim, Veitshöchheim, Vilsheim, Volxheim + 2 weitere
22%
W-bach Wächtersbach, Wald-Michelbach, Wenzenbach + 33 weitere
22%
A-au Alzenau, Aschau, Adenau, Anschau
21%
G-berg Gevelsberg, Grünberg, Gudensberg, Grasberg + 17 weitere
21%
K-ingen Kitzingen, Korntal-Münchingen, Kenzingen + 10 weitere
21%
L-heim Lampertheim, Laupheim, Losheim, Langelsheim + 12 weitere
21%
M-stadt Michelstadt, Mutterstadt, Magstadt, Münnerstadt + 2 weitere
21%
O-berg Olsberg, Ottersberg, Ortenberg, Otzberg + 6 weitere
21%
O-ingen Öhringen, Oebisfelde-Weferlingen, Östringen + 18 weitere
21%
P-burg Papenburg, Philippsburg, Plattenburg, Pantenburg
21%
R-stadt Rudolstadt, Riedstadt, Ranstadt, Retzstadt
20%
T-heim Tauberbischofsheim, Türkheim, Thalheim, Talheim + 9 weitere
20%
K-au Kreuzau, Künzelsau, Klettgau, Katlenburg-Lindau + 16 weitere
19%
K-stadt Karlstadt, Kleinwallstadt, Kallstadt
19%
S-stadt Seligenstadt, Schifferstadt, Schwalmstadt + 4 weitere
19%
I-ingen Illingen, Immendingen, Ihringen, Ispringen, Ittlingen + 5 weitere
18%
P-stadt Pfungstadt, Plankstadt, Prichsenstadt, Pettstadt
18%
C-au Crimmitschau, Calau, Chamerau
17%
E-burg Eilenburg, Eschenburg, Ebersburg, Escheburg + 4 weitere
17%
O-stadt Ober-Ramstadt, Otterstadt, Ohlstadt, Oberstadt
17%
U-heim Unterschleißheim, Uffenheim, Unterschneidheim + 6 weitere
17%
D-heim Dossenheim, Durmersheim, Dielheim, Dietenheim + 17 weitere
16%
E-hausen Edingen-Neckarhausen, Ehringshausen + 24 weitere
16%
I-burg Isselburg, Ilsenburg, Isenburg
16%
A-heim Aschheim, Altlußheim, Adelsheim, Alheim + 11 weitere
14%
E-heim Eppelheim, Ettenheim, Emlichheim, Eggolsheim + 18 weitere
14%
K-burg Kranenburg, Kraiburg, Kollnburg, Karlsburg + 8 weitere
13%
K-hausen Königs Wusterhausen, Klipphausen, Kumhausen + 13 weitere
13%
V-burg Vilsbiburg, Vohburg, Vogtsburg, Velburg, Virneburg
13%
D-berg Dannenberg, Dattenberg, Dachsberg, Dörnberg + 2 weitere
12%
F-au Fürstenau, Fischbachau, Fichtenau, Frankenau + 3 weitere
12%
P-hausen Pliezhausen, Plüderhausen, Petershausen + 6 weitere
12%
C-ingen Cremlingen, Creglingen, Clingen
11%
T-berg Trostberg, Triberg, Trunkelsberg, Tännesberg + 2 weitere
11%
J-hausen Jagsthausen
10%
J-stadt Johanngeorgenstadt, Jöhstadt
10%
T-burg Tecklenburg, Trendelburg, Thomasburg, Tautenburg
10%
Z-berg Zwingenberg, Zierenberg, Zachenberg, Zangberg
10%
E-au Eichenau, Ellerau, Espenau, Eschau, Erlau, Ellgau
9%
F-ingen Fridingen, Frickingen, Frittlingen, Fremdingen + 8 weitere
9%
J-ingen Jettingen, Jungingen
9%
L-hausen Lüdinghausen, Leutershausen, Landolfshausen + 3 weitere
9%
T-hausen Thedinghausen, Tuntenhausen, Thannhausen + 5 weitere
9%
U-au Untersiemau, Unterthingau, Unnau, Unterammergau
9%
U-bach Urbach, Untergruppenbach, Untergriesbach + 9 weitere
9%
V-berg Vellberg, Vahlberg, Vogelsberg
9%
F-hausen Frickenhausen, Fahrenzhausen, Frontenhausen + 3 weitere
8%
I-bach Iggensbach, Irlbach, Imsbach, Ingelbach, Ibach, Isselbach
8%
T-bach Tiefenbach, Traben-Trarbach, Tuchenbach
8%
Z-ingen Zellingen, Zweiflingen, Zöschingen, Zettingen
8%
J-heim Jugenheim, Jerxheim
7%
Q-heim Quirnheim, Quernheim
7%
A-ingen Aidlingen, Aldingen, Allmendingen, Altleiningen + 7 weitere
6%
C-berg Callenberg, Carlsberg, Collenberg, Colmberg + 5 weitere
6%
I-hausen Ichenhausen, Immenhausen, Irrhausen
6%
J-burg Jesteburg, Juliusburg
6%
D-hausen Dettenhausen, Dotternhausen, Deisenhausen + 7 weitere
5%
J-berg Johannesberg, Jesberg
5%
T-stadt Titisee-Neustadt, Trippstadt, Trappstadt
5%
U-berg Übach-Palenberg, Ursberg, Unzenberg
5%
V-bach Vöhrenbach, Villenbach, Vorbach, Vielbach, Vollmersbach
5%
N-bach Nalbach, Niederfischbach, Niederaichbach + 25 weitere
4%
Z-hausen Zusmarshausen, Ziemetshausen, Zuzenhausen + 3 weitere
4%
J-bach Julbach, Jettenbach, Jeckenbach
3%
P-bach Pfedelbach, Prackenbach, Puderbach, Pörnbach + 2 weitere
3%
Q-bach Queidersbach, Quirnbach, Quiddelbach
3%
U-hausen Üchtelhausen, Ungerhausen, Untershausen + 2 weitere
3%
V-au Vetschau
3%
V-stadt Viereth-Trunstadt, Veringenstadt
3%
Z-heim Zornheim, Zusamaltheim, Ziertheim, Zotzenheim
3%
I-berg Illerkirchberg, Irschenberg, Isterberg, Idelberg
2%
J-au Jachenau
2%
U-stadt Ummerstadt
2%
C-bach Callbach
1%
V-hausen Volkertshausen
1%
Keine übereinstimmenden Quizze gefunden
Verteilung der Resultate
Anzahl Personen mit jedem Resultat
Perzentil nach korrekt beantworteten Fragen
Ihre Resultats-Entwicklung
Sie haben dieses Quiz noch nicht gespielt